Āndhra sēvakulu. (Record no. 57580)

MARC details
000 -LEADER
fixed length control field 00568cam a22002291 4500
001 - CONTROL NUMBER
control field sa 64002895
003 - CONTROL NUMBER IDENTIFIER
control field DLC
005 - DATE AND TIME OF LATEST TRANSACTION
control field 20260227112013.0
008 - FIXED-LENGTH DATA ELEMENTS--GENERAL INFORMATION
fixed length control field 890711s1962 ii c 000 0 telo
010 ## - LIBRARY OF CONGRESS CONTROL NUMBER
LC control number sa 64002895
035 ## - SYSTEM CONTROL NUMBER
System control number (OCoLC)19993021
040 ## - CATALOGING SOURCE
Original cataloging agency DLC
Transcribing agency WaU
Modifying agency DLC
042 ## - AUTHENTICATION CODE
Authentication code premarc
043 ## - GEOGRAPHIC AREA CODE
Geographic area code a-ii---
050 00 - LIBRARY OF CONGRESS CALL NUMBER
Classification number DS485.A55
Item number V4
100 1# - MAIN ENTRY--PERSONAL NAME
Personal name Venkatanarasaiah, Jasti,
Dates associated with a name 1910-
245 10 - TITLE STATEMENT
Title Āndhra sēvakulu.
260 ## - PUBLICATION, DISTRIBUTION, ETC.
Date of publication, distribution, etc. 1962.
300 ## - PHYSICAL DESCRIPTION
Extent 86 p.
Other physical details ports.
Dimensions 18 cm.
500 ## - GENERAL NOTE
General note In Telugu.
651 #0 - SUBJECT ADDED ENTRY--GEOGRAPHIC NAME
Geographic name Andhra Pradesh (India)
Form subdivision Biography.

No items available.

Powered by Koha